Das Jagdlexikon DE-EN - EN-DE HUNTING DICTIONARY
Saved in:
| Main Author: | |
|---|---|
| Format: | Book |
| Language: | German English |
| Published: |
2023
|
| Tags: |
No Tags, Be the first to tag this record!
|
MARC
| LEADER | 00000nam a2200000 4500 | ||
|---|---|---|---|
| 001 | 0314321 | ||
| 005 | 20260121151219.6 | ||
| 020 | |a 9783788820732 | ||
| 041 | 0 | |a ger | |
| 041 | 0 | |a eng | |
| 245 | 1 | 0 | |a Das Jagdlexikon DE-EN - EN-DE |b HUNTING DICTIONARY |c Jürgen Schulte |
| 264 | 1 | |c 2023 | |
| 100 | 1 | |a Schulte, Jürgen | |